Hazbin Hotel Characters - Statistics

General Stats
  • This quiz has been taken 76 times
  • The average score is 24 of 31
Answer Stats
Hint Answer % Correct
Princess of Hell Charlie Morningstar
100%
The King of Hell Lucifer Morningstar
100%
Romantic Partner to the Princess of Hell Vaggie
100%
Broadcasts the screams of those he kills Alastor
95%
Ex Drug Addict, still a Porn Star Angel Dust
95%
The Bartender of the hotel, owned by the above Husk
95%
The psychotic maid of the hotel, Queen of the Rats Nifty
90%
Heavens head of the exorcist army Adam
88%
Slithery Engineer and Tech whiz who got redeemed Sir Pentious
88%
Overlord in charge of most of the tech in hell Vox
88%
Overlord in charge of most of the adult content in hell Valentino
86%
Sister of the aforementioned seraph Emily
84%
The lieutenant of the lead exorcist Lute
84%
Queen of Hell, made a deal to go to heaven. Lilith Morningstar
83%
The Seraph in charge of the exorcims Sera
83%
The major son of the head exorcist Abel
81%
Overlord who is a mother and weapons dealer Carmilla Carmine
81%
Overlord in charge of most of the social medium in hell Velvette
81%
This Sheila is an explosives fanatic and expert Cherri Bomb
79%
Overlord who owns the one who owns the bartender Rosie
78%
Watcher of Heavens gates St Peter
76%
Good Pal of the above, immensely powerful Zestial
76%
The Mad Scientist in the hotel Baxter
74%
Assistant to Sir Pentious, the only one with a name Frank
74%
The News Reporter in Hell Katie Killjoy
69%
A wise, avian-like celestial, higher ranking than a seraph The Speaker of God
62%
Assistant News Reporter in Hell Tom Trench
62%
Very large Overlord, Party Animal Zeezi
47%
Classical and formal Overlord. Maestro
45%
Fat sinner girl who NOBODY likes Mimsy
31%
Random guy in the hotel, screams 'GO TEAM!' Rooster
29%
No matching quizzes found
Score Distribution
Percent of People with Each Score
Percentile by Number Answered
Your Score History
You have not taken this quiz